| 000 | 01459cam a2200349 a 4500 | ||
|---|---|---|---|
| 001 | EDZ0000018992 | ||
| 003 | StDuBDS | ||
| 005 | 20161031105122.0 | ||
| 006 | m||||||||d|||||||| | ||
| 007 | cr ||||||||||| | ||
| 008 | 110107s2007 caua fo 001|0|eng|d | ||
| 020 |
_a9781412952613 (ebook) : _cNo price |
||
| 040 |
_aStDuBDS _beng _cStDuBDS _epn |
||
| 049 | _aAlfaisal Main Library | ||
| 050 | 4 | _aJC11 | |
| 082 | 0 | 4 |
_a351.03 _222 |
| 245 | 0 | 0 |
_aEncyclopedia of governance _h[electronic resource] / _cMark Bevir, editor. |
| 260 |
_aThousand Oaks, Calif. ; _aLondon : _bSAGE, _cc2007. |
||
| 300 |
_a1 online resource (2 v. (xxxviii, 1027, I-70 p.)) : _bill. |
||
| 520 | 8 | _aThis encyclopedia provides a one-stop point of reference for the diverse and complex topics surrounding governance. It concentrates primarily on topics related to the changing nature and role of the state in recent times, and the ways in which these have been conceptualised. | |
| 521 | _aSpecialized. | ||
| 588 | _aDescription based on print version record. | ||
| 504 | _aIncludes bibliographical references and index. | ||
| 650 | 0 |
_aPublic administration _vEncyclopedias. |
|
| 650 | 0 |
_aState, The _vEncyclopedias. |
|
| 655 | 7 |
_aElectronic books. _2local |
|
| 700 | 1 | _aBevir, Mark. | |
| 710 | 2 | _aSage eBooks | |
| 776 | 0 | 8 |
_iPrint version : _z9781412905794 |
| 856 | 4 | 0 | _uhttp://ezproxy.alfaisal.edu/login?url=http://sk.sagepub.com/reference/governance |
| 942 |
_2lcc _cEBOOKS |
||
| 999 |
_c479688 _d479688 |
||